000
00324nam a22001337a 4500
008
190226b xxu||||| |||| 00| 0 eng d
020
_a
9780822575078
041
_a
eng
080
_a
940
100
_a
16
101
_a
SHH
245
_a
Emperor Qin's Terra Cotta Army unearthing Ancient Worlds
_c
Capek,M
942
_2
udc
_c
BK
999
_c
54272
_d
54272